|
|
|
|
| LEADER |
00000cam a2200000 7i4500 |
| 001 |
0000009718 |
| 005 |
20021120.0 |
| 020 |
|
|
|a 967890988X
|
| 040 |
|
|
|a INS
|
| 090 |
0 |
0 |
|a KQB14.
|b L6 2000
|
| 240 |
2 |
0 |
|a Akta Pengambilan Tanah 1960 (Akta 486)
|
| 245 |
1 |
0 |
|a Akta Pengambilan Tanah 1960 (Akta 486) dan kaedah-kaedah & Ordinan Pengambilan Tanah (Pampasan) (Peruntukan Khas) 1948 (P. T. M. Ord 21/1948) :
|b (hingga 20hb September 2000)
|c disusun oleh Lembaga Penyelidikan Undang-Undang
|
| 260 |
|
|
|a Kuala Lumpur :
|b International Law Book Services ,
|c 2000
|
| 300 |
|
|
|a 102p. ;
|c 24 cm.
|
| 650 |
0 |
0 |
|a Compensation (Law)
|z Malaysia
|
| 650 |
0 |
0 |
|a Eminent domain
|z Malaysia
|
| 650 |
0 |
0 |
|a Land acquisition and compensation
|z Malaysia
|
| 650 |
0 |
0 |
|a Land tenure
|x Law and legislation
|z Malaysia
|
| 999 |
|
|
|a 0000008296
|b BOOK
|c Acts
|e Default branch
|
| 999 |
|
|
|a 0000008297
|b BOOK
|c Acts
|e Default branch
|